| 000 | 00700nam a2200217 a 4500 | ||
|---|---|---|---|
| 001 | 17431 | ||
| 003 | BD-RjUL | ||
| 005 | 20211209000134.0 | ||
| 008 | 150531s1983 kn a 100 0 eng | ||
| 035 | _a(BD-RjUL)17489 | ||
| 040 |
_aBD-RjUL _cBD-RjUL _dBD-RjUL _beng |
||
| 041 | _aeng | ||
| 082 |
_a951.9304 _bKIM 1983 |
||
| 100 |
_aKim, Il-sŏng, _9116785 |
||
| 245 |
_aKim Il Sung : _bworks. _cIl-sŏng Kim. _nVolume 15 : _pJanuary-December 1961. |
||
| 260 |
_aPyongyang, Korea : _bForeign Languages Pub. House, _c1983 |
||
| 300 |
_a533 p.: _bill. ; _c21 cm. |
||
| 600 |
_a Kim, Il-sŏng, _d1912-1994. _9116785 |
||
| 651 |
_aKorea (North) _xPolitics and government _y1948-1994 _9116800 |
||
| 942 |
_2ddc _cBK |
||
| 999 |
_c17431 _d17431 |
||